LEADER 01073nam0-22003131i-450- 001 990008486070403321 005 20070702130951.0 035 $a000848607 035 $aFED01000848607 035 $a(Aleph)000848607FED01 035 $a000848607 100 $a20070316d1860----km-y0itay50------ba 101 0 $aita 102 $aIT 105 $ay-------001yy 200 1 $aNuova istoria della Repubblica di Genova, del suo commercio e della sua letteratura$edalle origini all'anno 1797$fnarrata ed illustrata con note ed inediti documenti da Michel Giuseppe Canale 210 $aFirenze$cF. Le Monnier$d1860 215 $av.$d20 cm 610 0 $aGenova $aStoria$aOrigini$a1797 676 $a945.18$v19$zita 700 1$aCanale,$bMichele Giuseppe$0302228 801 0$aIT$bUNINA$gRICA$2UNIMARC 901 $aBK 912 $a990008486070403321 952 $aSDI-XXIII A 5$b132$fSDI 952 $aSDI-XXIII A 6$b133$fSDI 959 $aSDI 996 $aNuova istoria della Repubblica di Genova, del suo commercio e della sua letteratura$9730969 997 $aUNINA LEADER 02472nam 2200565Ia 450 001 9910452421103321 005 20200520144314.0 035 $a(CKB)2550000000106548 035 $a(EBL)976629 035 $a(OCoLC)806204687 035 $a(SSID)ssj0000938799 035 $a(PQKBManifestationID)11485600 035 $a(PQKBTitleCode)TC0000938799 035 $a(PQKBWorkID)10925879 035 $a(PQKB)10638393 035 $a(MiAaPQ)EBC976629 035 $a(Au-PeEL)EBL976629 035 $a(CaPaEBR)ebr10570975 035 $a(EXLCZ)992550000000106548 100 $a20120813d2012 uy 0 101 0 $aeng 135 $aur|n|---||||| 181 $ctxt 182 $cc 183 $acr 200 00$aPreclinical atherosclerosis, global cardiovascular risk and cardiovascular events$b[electronic resource] /$feditor, Salvatore Novo ; co-editors, Jawed Fareed, Evi Kalodiki, Jeanine M. Walenga 210 $a[Saif Zone, Sharjah, U.A.E] ;$aOak Park, IL $cBentham Science$d[2012] 215 $a1 online resource (72 p.) 300 $aDescription based upon print version of record. 311 $a1-60805-559-0 311 $a1-60805-221-4 320 $aIncludes bibliographical references and index. 327 $a01 Title.pdf; 02 Cover Page; 03 REVISED eBooks End User License Agreement-Website; 04 Contents; 05 Forward, Preface and Contributors; 06 Chapter-1; 07 Chapter-2; 08 Chapter-3; 09 Chapter-4; 10 Chapter-5; 11 Chapter-6; 12 Chapter-7; 13 Chapter-8; 14 Chapter-9; 15 Chapter-10; 16 ABBREVIATIONS; 17 Index 330 $aThis e-book outlines "preclinical athersclerosis" and its markers in clinical practice. It gives simple but clear information for a better stratification of global cardiovascular risk. The text serves as an important guide for medical professionals involved in the management of cardiovascular patients. 606 $aAtherosclerosis$xRisk factors 606 $aCardiovascular system$xDiseases$xRisk factors 606 $aCardiology 608 $aElectronic books. 615 0$aAtherosclerosis$xRisk factors. 615 0$aCardiovascular system$xDiseases$xRisk factors. 615 0$aCardiology. 676 $a617.4/12 701 $aNovo$b Salvatore$0864922 801 0$bMiAaPQ 801 1$bMiAaPQ 801 2$bMiAaPQ 906 $aBOOK 912 $a9910452421103321 996 $aPreclinical atherosclerosis, global cardiovascular risk and cardiovascular events$91930493 997 $aUNINA LEADER 01386nam 2200373Ia 450 001 996391285103316 005 20210104171905.0 035 $a(CKB)4940000000098279 035 $a(EEBO)2248506165 035 $a(OCoLC)ocn953793239e 035 $a(OCoLC)953793239 035 $a(EXLCZ)994940000000098279 100 $a20160720d1619 uy 0 101 0 $aeng 135 $aurbn||||a|bb| 200 10$aBy the King$b[electronic resource] $ea proclamation inhibiting the importation of whale finnes into His Maiesties dominions by any, but the Muscouy Company 210 $aImprinted at London $cBy Bonham Norton and Iohn Bill, printers to the Kings Most Excellent Maiestie$danno Dom. MDCXIX. [1619] 215 $a2 sheets (versos blank) 300 $aCaption title. 300 $aReproduction of original in: Great Britain. Public Record Office. 330 $aeebo-0214 606 $aExclusive licenses$zGreat Britain$vEarly works to 1800 606 $aWhaling$xLaw and legislation$zGreat Britain$vEarly works to 1800 615 0$aExclusive licenses 615 0$aWhaling$xLaw and legislation 701 $aJames$cKing of England,$f1566-1625.$01001019 702 $aNorton$b Bonham$f1565-1635, 702 $aBill$b John$f-1630, 801 0$bUMI 801 1$bUMI 906 $aBOOK 912 $a996391285103316 996 $aBy the King$92299281 997 $aUNISA LEADER 01065nam0 22002651i 450 001 UON00039438 005 20231205102139.154 100 $a20020107d1938 |0itac50 ba 101 $afre 102 $aFR 105 $a|||| 1|||| 200 1 $aˆLe ‰Prakrtanusasana de Purusottana$fLuigia Nitti Dolci 210 $aParis$cImprimerie Nationale$d1938 215 $aXXVII, 141 p.$d22 cm 410 1$1001UON00066102$12001 $aCahiers de la Societe Asiatique$v6 620 $aFR$dParis$3UONL002984 686 $aSI II IND BB$cSUBCONT. INDIANO - LINGUE INDOARIE - PRACRITO E PALI - GRAMMATICHE$2A 700 1$aNITTI-DOLCI$bLuigia$3UONV023873$044649 712 $aImprimerie Nationale$3UONV246214$4650 801 $aIT$bSOL$c20240220$gRICA 899 $aSIBA - SISTEMA BIBLIOTECARIO DI ATENEO$2UONSI 912 $aUON00039438 950 $aSIBA - SISTEMA BIBLIOTECARIO DI ATENEO$dSI SI II IND BB 015 $eSI MR 22996 5 015 996 $aPrakrtanusasana de Purusottana$91155302 997 $aUNIOR